Escritos de Santa Teresa (Registro nro. 75402)

Detalles MARC
000 -ENCABEZADO
Número de control [NR] 02069nam a2200265Ia 4500
005 - FECHA Y HORA DE LA ÚLTIMA TRANSACCIÓN
control field 20170209160113.0
008 - DE LONGITUD FIJA DE DATOS DE ELEMENTOS - INFORMACIÓN GENERAL
Elementos de longitud fija [NR] 130821k18771879sp fr 1 spa d
040 ## - FUENTE DE CATALOGACION [NR]
Agencia de catalogación original [NR] Co-BoUCM
Idioma de catalogación [NR] spa
Quien Cataloga Sandra Yazo (modificó)
Quien Clasifica Sandra Yazo (modificó)
041 0# - CODIGO DE IDIOMA [R]
Código de idioma para texto/pista de sonido o título separado [R] Español
082 04 - NUMERO DE CLASIFICACION DECIMAL DEWEY [R]
Número de clasificación [R] 860.3
Número de la edición [NR] 20
092 ## - SIGNATURA TOPOGRAFICA LOCAL
Número de clasificación local E13N047
100 1# - ASIENTO PRINCIPAL--NOMBRE PERSONAL [NR]
Nombre personal [NR] Teresa de Jesús
Títulos u otras palabras asociadas al nombre [R] Santa
Fechas asociadas con el nombre [NR] 1515-1582
ID Autoridad 853
245 10 - MENCION DE TITULO [NR]
Título [NR] Escritos de Santa Teresa
Mención de responsabilidad, etc. [NR] añadidos é ilustrados por don Vicente de la Fuente
260 ## - PUBLICACION, DISTRIBUCION, ETC. (PIE DE IMPRENTA) [R]
Lugar de publicación, distribución, etc. [R] Madrid (España)
Nombre del editor, distribuidor, etc. [R] M. Rivadeneyra
Fecha de publicación, distribución, etc. [R] 1877-1879
300 ## - DESCRIPCION FISICA [R]
Extensión [R] 2 volúmenes (xxxix, 584 ; lvi, 538 páginas)
Dimensiones [R] 26 x 17 cm.
490 #0 - MENCION DE SERIE [R]
Mención de serie [R] Biblioteca de autores españoles, desde la formación del lenguaje hasta nuestros días
Designación numérica/secuencial del volumen [NR] 53
-- 55
500 ## - NOTA GENERAL [R]
Nota general [NR] Detalles físicos: Encuadernación rígida (holandesa) en cartón forrado en papel. Lomo en cuero con nervaduras sobre costuras y adornos en dorado. Guardas en papel de agua. Hoja de cortesía. Anteportada. Portada impresa en una sola tinta. Texto impreso en una y dos columnas, separadas por una línea vertical. Notas de pie de página. V.1 (1879) Ej.1 Guarda delantera empieza a desprenderse. V.2 (1877) Ej.1 Tapas con raspaduras y residuos de cinta. Ejemplares a grapados en un solo registro, varia ediciones V.2 (1862) Ej.1 oxidación de tintas
505 0# - NOTA DE CONTENIDO CON FORMATO PREESTABLECIDO [R]
Nota de contenido con formato preestablecido [NR] V.1: Introducción sobre Sta.Teresa y sus obras ; Libro de la vida ; Libro de las relaciones ; Libro de las Fundaciones ; Libro de las Constituciones ; Avisos ; Modo de visitar los conventos de religiosas ; Camino de Perfección ; Conceptos del amor de Dios ; Las Moradas ; Exclamaciones del alma a su Dios ; Escritos breves ; Escritos sueltos ; Obras atribuidas a Santa Teresa ; Documentos relacionados con Sta. Teresa y sus obras -- V.2: Introducción sobre las Cartas de Santa Teresa ; Cartas ; Apéndices
506 ## - NOTA DE RESTRICCIONES DE ACCESO [R]
Condiciones de acceso [NR] Consulta en sala
650 #7 - ASIENTO SECUNDARIO DE MATERIA - TERMINO TEMATICO [R]
Término temático o nombre geográfico como elemento de entrada [NR] Autoras española
Subdivisión general [R] Memorias
Subdivisión cronológica [R] Siglo xvi
9 (RLIN) 48552
650 #7 - ASIENTO SECUNDARIO DE MATERIA - TERMINO TEMATICO [R]
Término temático o nombre geográfico como elemento de entrada [NR] Literatura española
9 (RLIN) 7793
690 ## - ASUNTO AGREGADO LOCAL DE ENTRADA - TÉRMINO TEMÁTICO (OCLC, RLIN)
Acceso temático local Literatura europea
9 (RLIN) 26524
700 1# - ASIENTO SECUNDARIO - NOMBRE PERSONAL [R]
Nombre personal [NR] Fuente, Vicente de la
Fechas asociadas con el nombre [NR] 1817-1889
9 (RLIN) 84002
942 ## - ELEMENTOS DE ENTRADA AGREGADOS (KOHA)
Tipo de ítem principal el descrito en 300a Libro
Tema principal 18
Edición 1
Sistema de clasificación LOCAL
Clasificación E13N047
Existencias
Suprimido Perdido Sistema de clasificación Dañado No prestable Tipo de ítem específico Ubicación habitual Ubicación actual Localización Fecha de creación Forma de adquisición Costo Volúmen / Fascículo Total préstamos Signatura topográfica Código de barras Última vez visto Ejemplar Price effective from Tipo de ítem
    LOCAL     Libro archivo Archivo Histórico Archivo Histórico Archivo histórico 28/02/2014 Donación 0.00 V.1 (1877)   E13N047 L002032 15/12/2012 Ej.1 03/02/2013 Libro
    LOCAL     Libro archivo Archivo Histórico Archivo Histórico Archivo histórico 28/02/2014 Donación 0.00 V.2 (1879)   E13N047 L002033 15/12/2012 Ej.1 03/02/2013 Libro
    LOCAL     Libro archivo Archivo Histórico Archivo Histórico Archivo histórico 09/02/2017 Donación 0.00 V.1 (1877)   E13N047 L006168 09/02/2017 Ej.2 09/02/2017 Libro
    LOCAL     Libro archivo Archivo Histórico Archivo Histórico Archivo histórico 09/02/2017 Donación 0.00 V.2 (1862)   E13N047 L006169 09/02/2017 Ej.1 09/02/2017 Libro